[Event "V Open Semana Santa Alicante 2021"]
[Site "Alicante"]
[Date "2021.04.04"]
[Round "9.5"]
[White "Garcia Gimenez, Santiago"]
[Black "Granero Roca, Antonio"]
[Result "0-1"]
[WhiteElo "2266"]
[BlackElo "2374"]
[Annotator "TA"]
[PlyCount "128"]
[EventDate "2021.03.31"]
[EventType "swiss"]
[EventCountry "ESP"]
[SourceTitle "playchess.com"]
[Source "ChessBase"]
[SourceQuality "1"]

{[%evp 13,128,13,13,14,33,12,46,39,27,13,13,12,18,15,22,13,40,6,0,0,0,0,12,0,0,0,0,0,0,0,0,-11,-1,-7,-13,-5,-18,-29,0,-40,0,0,0,0,0,0,0,0,0,0,6,6,6,-132,6,6,6,6,6,6,6,6,8,8,8,23,0,0,0,-441,-398,-398,-350,-374,-316,-196,-183,-196,-20,-21,-21,-533,-504,-495,-477,-424,-481,-428,-388,-475,-459,-451,0,-144,0,-431,-8,-407,0,-387,-365,-939,-777,-4364,-2295,-29959,-29962,-29961,-5505,-12850,-12211,-6518,-6518,-29977,-29977,-29972,-29975]} 1. e4 e5 2. Nf3 Nc6 3. Bc4 Bc5 4. c3 Nf6 5. d3 d6 6. O-O O-O 7. a4 {7.Re1 is setting a new trend.} a5 8. Na3 {C54: Giuoco Piano: 4 c3 Nf6, main lines with 5 d4 and 5 d3.} Bb6 9. Bb3 {[#]} Qe7 $146 ({Predecessor:} 9... d5 10. exd5 Nxd5 11. Nc4 Bg4 12. h3 Bxf3 13. Qxf3 Bc5 14. Re1 Qf6 15. Qg3 Rfe8 {1-0 (53) Rossolimo,N-Thomas,A Hastings 1951}) 10. Nc4 {White is slightly better.} Ba7 11. h3 h6 12. Be3 Bxe3 13. Nxe3 Be6 14. Re1 Rab8 15. Nd5 Qd8 16. d4 exd4 17. Nxd4 Bxd5 18. exd5 Nxd4 19. Qxd4 Qd7 20. Bc2 Rbe8 21. Kf1 b6 22. Bd3 Rxe1+ 23. Rxe1 Re8 24. Rxe8+ Qxe8 25. f4 Kf8 26. Kf2 Qe7 27. g3 Qd7 28. g4 Qe7 29. b4 Nd7 30. Qe3 Qh4+ 31. Kg2 Qe7 (31... g5 {keeps more tension.} 32. fxg5 Qxg5 33. Qxg5 hxg5 34. Kf3 Ne5+) 32. Qxe7+ Kxe7 $11 {[%mdl 4096] Endgame KB-KN} 33. Be4 (33. Kf3 $11 {keeps the balance.}) 33... g5 (33... b5 $1 $17 34. bxa5 bxa4) 34. Kf3 gxf4 35. Kxf4 Kf6 36. h4 Ne5 37. Bc2 Nc4 38. Ke4 Ne5 39. Bd1 Ng6 40. h5 Ne5 {...Kg5 is the strong threat.} 41. Kf4 {[%mdl 8192]} (41. bxa5 $1 $11 {and White is okay.} bxa5 42. Kf4) 41... axb4 $19 42. cxb4 {Hoping for Bc2.} Nd3+ {[%mdl 64] Double Attack} 43. Ke3 Nxb4 44. Kd4 Na6 45. Kc4 Ke5 $2 (45... Kg5 $1 $19 46. Kb5 Nb8) 46. Kb5 $11 Nb8 47. Bc2 $2 {[%mdl 8192]} (47. g5 $1 $11 hxg5 48. h6) 47... f6 $1 $19 48. Bb3 Kd4 49. Ba2 {and the idea Bb3 leaves White hopeful.} Ke4 $1 50. Bb3 Ke3 51. Bc2 Kd4 52. Bb3 Ke3 $2 (52... Ke4 $19 {is more deadly.} 53. Kc4 Nd7 54. Bc2+ Ke5) 53. Bc2 $1 $17 Kd4 $2 {[%mdl 8192]} (53... Kf4 $1 $17 {[%cal Rf4g4]} 54. Bf5 Ke5) 54. Bb3 $19 {[#]} Kc3 $2 (54... Ke4 $1 $19 {[%cal Re4e5] aiming for ...Ke5.} 55. Kc4 Nd7 56. Bc2+ Ke5) 55. Bd1 $2 {[%mdl 8192]} (55. Ba2 $11 {and White stays safe.}) 55... Kd4 56. Bb3 $1 {[#]} Ke4 $1 {[%cal Re4e5]} 57. a5 $2 (57. Kc4 Nd7 58. Bc2+ Ke5 59. Bg6) 57... bxa5 58. Kxa5 Nd7 59. Ba2 Nb6 60. Kb5 Nxd5 61. Bb1+ Ke5 62. Kc6 Ne3 63. Kxc7 Nxg4 64. Kd7 f5 {Weighted Error Value: White=0.82/Black=0.35} 0-1

[Event "V Open Semana Santa Alicante 2021"]
[Site "Alicante"]
[Date "2021.04.04"]
[Round "9.6"]
[White "Campos Gambuti, Luis Maria"]
[Black "Alonso Garcia, Aaron"]
[Result "0-1"]
[WhiteElo "2370"]
[BlackElo "2275"]
[Annotator "TA"]
[PlyCount "54"]
[EventDate "2021.03.31"]
[EventType "swiss"]
[EventCountry "ESP"]
[SourceTitle "playchess.com"]
[Source "ChessBase"]
[SourceQuality "1"]

{[%evp 12,54,22,21,22,14,29,15,0,-20,23,18,38,22,42,-118,-117,-302,-289,-284,-287,-314,-320,-358,-325,-437,-403,-510,-504,-713,-723,-651,-513,-513,-513,-1657,-1602,-29986,-29987,-29988,-29989,-29989,-29990,-29990,-29991]} 1. c4 c5 2. Nc3 Nc6 3. g3 g6 4. Bg2 Bg7 5. a3 d6 6. d3 a5 7. Rb1 {is the legacy move (7.Nf3).} Rb8 {A36: Symmetrical English vs ...g6: 4 Bg2 Bg7.} 8. Bd2 e5 9. Nd5 {[#]} Nge7 $146 {The position is equal.} ({Predecessor:} 9... Nce7 10. Qa4+ Bd7 11. Qxa5 b6 12. Qc3 Nxd5 13. Bxd5 Ne7 14. Bg2 O-O 15. Qc2 Bc6 {1-0 (22) Lau,S (2100)-Frotscher,T (2217) Blankenburg 2009}) 10. Bg5 O-O 11. Nf6+ Kh8 12. h4 h6 {[#]} 13. e4 Nd4 $17 {White must now prevent ...Nec6.} 14. Qd2 $2 {Loses the game.} Nec6 $19 15. Nh7 hxg5 16. hxg5 {White wants to mate with Nf6+.} Kg8 17. f3 Re8 18. Bf1 a4 19. Qh2 b5 20. Qh4 bxc4 21. dxc4 Rb3 22. Kf2 Be6 ({Stronger than} 22... Qa5 23. Nf6+ Kf8 24. Qh8+ Bxh8 25. Rxh8+ Kg7 26. Rh7+ Kf8 27. Rh8+ Kg7 28. Rh7+ Kf8 29. Rh8+ $11) 23. Bh3 (23. Rh2 $142) 23... Qa5 24. Bg4 Qd2+ {[%mdl 64] [#] Double Attack. Black mates.} 25. Ne2 Qxe2+ 26. Kg1 Bxg4 {[%cal Rd4f3]} 27. Nf6+ Bxf6 {[%cal Rd4f3] Weighted Error Value: White=0.87/Black=0.12} 0-1

[Event "V Open Semana Santa Alicante 2021"]
[Site "Alicante"]
[Date "2021.04.04"]
[Round "9.7"]
[White "Bayo Milagro, Alvaro"]
[Black "Diaz Camallonga, Carles"]
[Result "0-1"]
[WhiteElo "2257"]
[BlackElo "2469"]
[Annotator "TA"]
[PlyCount "106"]
[EventDate "2021.03.31"]
[EventType "swiss"]
[EventCountry "ESP"]
[SourceTitle "playchess.com"]
[Source "ChessBase"]
[SourceQuality "1"]

{[%evp 14,106,25,14,45,51,47,24,25,11,15,10,35,29,38,28,81,38,47,50,50,39,41,34,27,15,16,7,13,0,0,-24,0,0,22,1,52,0,0,0,0,0,0,0,0,-83,0,-38,0,-7,-8,-22,0,-26,0,0,0,-402,-374,-483,-427,-489,-480,-466,-472,-435,-378,-368,-370,-366,-362,-354,-339,-325,-164,-533,-510,-465,-305,-303,-304,-301,-298,-301,-282,-276,-275,-301,-299,-344,-341,-416,-407,-850,-838]} 1. e4 e6 2. d4 d5 3. exd5 exd5 4. Bd3 Nc6 5. c3 Bd6 6. Qf3 Be6 7. Ne2 Qd7 {7...Qf6 injects fresh life into this line.} 8. Bf4 Bxf4 {C01: French: Exchange Variation.} 9. Nxf4 Nf6 10. O-O O-O {White has an edge.} 11. h3 Ne7 12. Re1 {[#]} Ng6 $146 ({Predecessor:} 12... Rae8 13. Nd2 Bf5 14. Bxf5 Qxf5 {½-½ (14) Mackic,Z (2440)-Vucicevic,M (2380) Niksic 1996}) 13. Nd2 {[%cal Bb1d2,Bd2f3,Bf3g5][%mdl 32]} Nxf4 14. Qxf4 Qd6 (14... Ne8 $11) 15. Qh4 h6 16. Re3 Rfe8 17. Nf3 Qb6 18. g4 Ne4 19. g5 hxg5 (19... Qxb2 $6 20. Rb1 $16) 20. Nxg5 Bf5 (20... Nxg5 $6 21. Qxg5 Qd6 22. Rg3 $18) 21. Bxe4 dxe4 22. b3 Qh6 23. Qf4 Bg6 {[#] Hoping for ...f6.} 24. h4 Re7 (24... c6 $11) 25. Kg2 (25. Nh3 $14) 25... Rae8 $11 (25... f6 $5 26. Nh3 $8 Qh7 $11) 26. Rae1 f6 27. Nh3 Qh7 28. Rg3 Bf5 29. Ree3 (29. Qe3 $11 {remains equal.}) 29... Kh8 ({Black should try} 29... Kf8 $17 30. Re1 g6) 30. Ng1 Bg6 31. Kf1 Bh5 32. Ne2 Rd7 33. b4 a5 34. bxa5 c5 35. f3 $2 {[%mdl 8192] [#] White is on the road to losing.} (35. a3 $11) 35... Rde7 $1 $19 36. fxe4 Rxe4 37. Qf2 Qh6 {[%cal Re4e3]} 38. Rxe4 Rxe4 39. Ng1 Qc1+ 40. Kg2 Rf4 (40... cxd4 41. cxd4 Qc6 42. Kh2 $19) 41. Nf3 Qxc3 {[%cal Rc5d4]} 42. dxc5 Qxa5 43. Qc2 Qa4 (43... Qa6 $142 {...Ra4 is the strong threat.} 44. a3 Qb5) 44. Qd2 $2 (44. Qxa4 {was the crucial defense.} Rxa4 45. a3) 44... Qe4 {[%cal Rh5f3]} 45. Qf2 Bf7 {Strongly threatening ...Bd5.} ({Less strong is} 45... Bxf3+ 46. Rxf3 Rg4+ 47. Kh3 $19) 46. Qe1 Qxe1 ({Don't do} 46... Bxa2 47. Qxe4 Rxe4 48. Kf2 $19) 47. Nxe1 Rxh4 {[%mdl 4096] Endgame KRB-KRN} ({But not} 47... Bxa2 48. Ra3 $19) 48. a3 Rc4 49. Nd3 Rc3 50. Rh3+ Kg8 51. Nf4 Rxc5 52. Rd3 g5 53. Ne2 (53. Nh3 $142) 53... Rc2 {Weighted Error Value: White=0.56/Black=0.17} 0-1

[Event "V Open Semana Santa Alicante 2021"]
[Site "Alicante"]
[Date "2021.04.04"]
[Round "9.8"]
[White "Argandona Riveiro, Inigo"]
[Black "Ibanez Aullana, Ramon"]
[Result "1-0"]
[WhiteElo "2435"]
[BlackElo "2276"]
[Annotator "TA"]
[PlyCount "85"]
[EventDate "2021.03.31"]
[EventType "swiss"]
[EventCountry "ESP"]
[SourceTitle "playchess.com"]
[Source "ChessBase"]
[SourceQuality "1"]

{[%evp 13,85,29,31,0,25,20,27,31,47,33,37,38,73,73,90,98,95,87,102,77,99,86,79,77,123,131,129,120,127,116,131,134,117,102,104,91,105,72,78,75,75,87,77,53,71,33,331,337,336,328,453,452,451,450,489,485,547,545,542,538,558,539,497,466,597,527,597,582,720,711,726,642,616,598]} 1. c4 e5 2. g3 Nf6 3. Bg2 c6 4. Nc3 d5 5. d4 exd4 6. Qxd4 Be6 {The main line 6...Be6 scores better than 6...dxc4.} 7. cxd5 cxd5 8. Nf3 {A23: English Opening: 1...e5 2 Nc3 Nf6 3 g3 c6.} Be7 (8... Nc6 $5 {[%cal Rc6d4]} 9. Qa4 Bc5 $11) 9. O-O O-O 10. Rd1 {[#] White has an edge.} Qa5 $146 ({Predecessor:} 10... Nc6 11. Qa4 Qb6 12. Qb5 Qxb5 13. Nxb5 Bc5 14. a3 Ne4 15. Nbd4 Bxd4 16. Nxd4 Nc5 17. Nxc6 bxc6 {½-½ (34) Tolentino,R (2364)-Turqueza,M (2256) Tagaytay City 2013}) 11. Qa4 Qxa4 12. Nxa4 Ne4 13. Nd4 Bd7 14. Nc3 Nxc3 15. bxc3 Ba4 16. Nb3 Bf6 17. Bxd5 Nc6 18. Bb2 Nb4 19. cxb4 Bxb2 20. Rab1 Ba3 21. Rd4 Rac8 22. Bxb7 Rc2 23. e4 Rxa2 24. Bd5 {[#] Strongly threatening Nc5.} Bb5 25. Na5 (25. Bc4 {looks sharper.} Bxc4 26. Rxc4 Rb8 27. Nd4 g6 28. Nc6) 25... Rb2 26. Rxb2 Bxb2 27. Rd1 Bc3 28. Rb1 Rb8 29. Bc6 Bd3 $2 {[%mdl 8192] Loses the game.} (29... Ba6 $14) 30. Rb3 $18 Bxb4 31. Nb7 ({Not} 31. Rxd3 Bxa5 32. Rd7 Bb6 $16) 31... Rc8 32. Rxb4 {White is clearly winning.} ({Worse is} 32. Rxd3 Rxc6 33. Rd8+ Bf8 $11) 32... Rxc6 {[%mdl 4096] Endgame [#] KRB-KRN} 33. Nc5 $1 {[%mdl 512] Rb8+ would kill now.} Ba6 (33... Kf8 34. Nxd3) 34. Nxa6 {White wants to mate with Rb8+. KRN-KR} f5 35. Rb8+ Kf7 36. Rb7+ Kf6 37. Rxa7 fxe4 38. Nb4 Rc1+ 39. Kg2 Rd1 40. Nc2 h5 41. h4 g6 42. Ra6+ Kf7 43. Ra4 {Weighted Error Value: White=0.09/Black=0.42} 1-0

[Event "V Open Semana Santa Alicante 2021"]
[Site "Alicante"]
[Date "2021.04.04"]
[Round "9.9"]
[White "Rottenwohrer Suarez, Juan"]
[Black "Martinez Reyes, Pedro Ramon"]
[Result "1/2-1/2"]
[WhiteElo "2203"]
[BlackElo "2427"]
[Annotator "TA"]
[PlyCount "42"]
[EventDate "2021.03.31"]
[EventType "swiss"]
[EventCountry "ESP"]
[SourceTitle "playchess.com"]
[Source "ChessBase"]
[SourceQuality "1"]

{[%evp 13,27,9,11,17,30,22,20,28,40,21,17,20,19,16,25,8]} 1. Nf3 Nf6 2. c4 e6 3. g3 b6 4. Bg2 Bb7 5. O-O Be7 6. b3 O-O 7. Bb2 d5 8. cxd5 {A14: English Opening: 1...e6 with b3 by White.} Bxd5 9. Nc3 Bb7 10. d4 {The position is equal.} Nbd7 11. Rc1 c5 12. dxc5 Nxc5 13. Qxd8 Rfxd8 14. Rfd1 {[#] A rather calm draw.  Weighted Error Value: White=0.03/Black=0.04} {Predecessor:} a6 $146 15. Ne5 Bxg2 16. Kxg2 Rxd1 17. Rxd1 Rc8 18. Rc1 Bf8 19. Na4 b5 20. Nxc5 Rxc5 21. Rxc5 Bxc5 {½-½ (39) Kolbus,D (2300)-Cramling,P (2462) Douglas 2019} 1/2-1/2

[Event "V Open Semana Santa Alicante 2021"]
[Site "Alicante"]
[Date "2021.04.04"]
[Round "9.10"]
[White "Plaskett, H James"]
[Black "Macias Pino, Diego"]
[Result "1/2-1/2"]
[WhiteElo "2382"]
[BlackElo "2274"]
[Annotator "TA"]
[PlyCount "35"]
[EventDate "2021.03.31"]
[EventType "swiss"]
[EventCountry "ESP"]
[SourceTitle "playchess.com"]
[Source "ChessBase"]
[SourceQuality "1"]

{[%evp 12,35,45,49,38,22,35,23,32,28,56,50,44,19,23,40,53,0,31,37,30,36,39,45,37,22]} 1. e4 e5 2. Nf3 Nc6 3. Bb5 a6 4. Ba4 b5 5. Bb3 Na5 6. O-O d6 7. d4 exd4 {7...exd4 is better than 7...Nxb3. C70: Ruy Lopez: 3...a6 4 Ba4, Norwegian and Delayed Schliemann.} 8. Qxd4 Bb7 {next ...c5 is good for Black.} 9. e5 Nxb3 {White has an edge.} 10. axb3 {[#]} dxe5 $146 ({Predecessor:} 10... Bxf3 11. gxf3 f6 12. e6 Ne7 13. Rd1 Qc8 14. Nc3 Qb7 15. Kg2 h5 16. Qd3 h4 {1-0 (35) Williamson,D-Fischer,R (2090) ICCF email 2014}) 11. Qxe5+ Qe7 12. Qd4 {[#] And now Re1 would win.} (12. Qf5 $5 {[%cal Rf1e1]} Qf6 13. Re1+ Be7 14. Qh3 $14) 12... Qf6 13. Re1+ Be7 14. Qg4 (14. Ne5 $14 Qd6 15. Qg4) 14... Qg6 (14... h5 $5 {[%cal Rh5g4]} 15. Qh3 Bxf3 16. gxf3 (16. Qxf3 Qxf3 17. gxf3 Nf6 $11) 16... Qg6+ 17. Qg3 Qxg3+ 18. hxg3 (18. fxg3 Kd7 $14) 18... Kd7 $14) 15. Qh3 Bc8 $1 {[%cal Rc8h3]} 16. Qg3 Qxg3 17. hxg3 Bb7 18. Nc3 {Weighted Error Value: White=0.14/Black=0.05} 1/2-1/2